UBT Library

Innovation, learning, and technological dynamism of developing countries / (Record no. 484)

000 -LEADER
fixed length control field 00573nam a22002057a 4500
005 - DATE AND TIME OF LATEST TRANSACTION
control field 20140607042546.0
008 - FIXED-LENGTH DATA ELEMENTS--GENERAL INFORMATION
fixed length control field 040330s2004 ja b 001 0 eng
020 ## - INTERNATIONAL STANDARD BOOK NUMBER
International Standard Book Number 9280810979
024 #0 - OTHER STANDARD IDENTIFIER
Terms of availability eng
080 ## - UNIVERSAL DECIMAL CLASSIFICATION NUMBER
Universal Decimal Classification number 338.1
245 00 - TITLE STATEMENT
Title Innovation, learning, and technological dynamism of developing countries /
250 ## -
-- 1 st.ed.:
260 ## -
-- Tokyo ;
-- New York :
-- United Nations University Press,
-- 2004.
300 ## -
-- 242 f. ;
-- 23 cm.
504 ## - BIBLIOGRAPHY, ETC. NOTE
Bibliography, etc Index f.229-242
650 #0 -
-- Teknologjia
700 1# -
-- Mani, Sunil.
700 1# -
-- Romijn, Henny.
942 ## - ADDED ENTRY ELEMENTS (KOHA)
Source of classification or shelving scheme
Item type Books
Holdings
Withdrawn status Lost status Source of classification or shelving scheme Damaged status Not for loan Collection code Permanent location Current location Shelving location Date acquired Total Checkouts Full call number Barcode Date last seen Koha item type
          Koleksioni i përgjithshem UBT - Ferizaj UBT - Ferizaj Koleksioni i përgjithshem 06/07/2014   338.1 INN 003000586 06/07/2014 Books
          Koleksioni i përgjithshem UBT - Ferizaj UBT - Ferizaj Koleksioni i përgjithshem 06/07/2014   338.1 INN 003000587 06/07/2014 Books
          Koleksioni i përgjithshem UBT - Ferizaj UBT - Ferizaj Koleksioni i përgjithshem 06/07/2014   338.1 INN 003000588 06/07/2014 Books
          Koleksioni i përgjithshem UBT - Ferizaj UBT - Ferizaj Koleksioni i përgjithshem 06/07/2014   338.1 INN 003000589 06/07/2014 Books
          Koleksioni i përgjithshem UBT - Ferizaj UBT - Ferizaj Koleksioni i përgjithshem 06/07/2014   338.1 INN 003000590 06/07/2014 Books
          Koleksioni i përgjithshem UBT - Ferizaj UBT - Ferizaj Koleksioni i përgjithshem 06/07/2014   338.1 INN 003000591 06/07/2014 Books
          Koleksioni i përgjithshem UBT - Ferizaj UBT - Ferizaj Koleksioni i përgjithshem 06/07/2014   338.1 INN 003000592 06/07/2014 Books
          Koleksioni i përgjithshem UBT - Ferizaj UBT - Ferizaj Koleksioni i përgjithshem 06/07/2014   338.1 INN 003000593 06/07/2014 Books
          Koleksioni i përgjithshem UBT - Ferizaj UBT - Ferizaj Koleksioni i përgjithshem 06/07/2014   338.1 INN 003000594 06/07/2014 Books
          Koleksioni i përgjithshem UBT - Ferizaj UBT - Ferizaj Koleksioni i përgjithshem 06/07/2014   338.1 INN 003000595 06/07/2014 Books
UBT Library © 2015-2024. All rights reserved University Education for Business and Technology